000 00747nam a2200265Ia 4500
003 OSt
005 20220925210139.0
006 a|||||r|||| 00| 0
007 ta
008 220923b |||||||| |||| 00| 0 eng d
037 _cGeneral Book
040 _aRTL
_cRTL
_beng
041 _2eng
_aeng
082 _aX:8J, L1;L5
100 _aHelmes Arthur W
_9271910
245 0 _aAnditing
_b Standards and procedures
250 _a8ed
260 _aIllinois
_bIrwin
_c1975
300 _axv, 985p.
_ccm.
490 _a(Willard J Grabam series in accounting
650 _aAudit
700 _a Overmyer Wayne S
_9271911
942 _hX:8J, L1;L5
_cGB
_2CC
999 _c554173
_d554173